| 000 | 00959nam a22002777a 4500 | ||
|---|---|---|---|
| 003 | DO-SdBPM | ||
| 005 | 20251114111125.0 | ||
| 007 | ta | ||
| 008 | 151116b1975 sp |||| |||| 00| 0 spa d | ||
| 020 | _a8422606747 | ||
| 040 |
_aDO-SdBPM _bspa _cBPMSU _erda |
||
| 082 | 4 |
_a813.4 _bW187b 1975 _222 |
|
| 100 | 1 |
_aWallace, Lewis, _c1827-1905. _eautor |
|
| 245 | 1 | 0 |
_aBen-Hur / _cLew Wallace ; ilustración de Ballestar ; traducción Heliodoro Lillo Lutteroth. |
| 264 |
_aBarcelona : _bCírculo de Lectores, _c1975. |
||
| 300 |
_a234 páginas : _bilustraciones, _c20 cm. |
||
| 336 |
_atexto _btxt _2rdacontent |
||
| 337 |
_asin mediación _bnc _2rdamedia |
||
| 338 |
_avolumen _bnc _2rdacarrier |
||
| 590 | _aInventariado, 2025/VM | ||
| 650 | 7 | _a Cuentos juvenileas estadounidenses | |
| 650 | 7 | _aLiteratura juvenil estadounidense | |
| 700 | 1 |
_aLillo Lutteroth, Heliodoro, _etraductor |
|
| 910 | _aVMateo V. Control de calidad. BPMSU | ||
| 942 |
_2ddc _cBK |
||
| 999 |
_c8725 _d8725 |
||